| 000 | 01814nam a22002297a 4500 | ||
|---|---|---|---|
| 999 |
_c60655 _d60655 |
||
| 003 | Ge_BSU | ||
| 005 | 20231003123001.0 | ||
| 008 | 231003s2019 ge ||||| |||| 00| 0 geo d | ||
| 020 | _a9789941811388 | ||
| 041 | _ageo | ||
| 080 | _a821.112.2(436)-1 მ-46 | ||
| 245 |
_aმე-20 საუკუნის ავსტრიული ლირიკა = Österreichische Lyrik des 20. Jahrhunderts : _b მასალები. ტ. 9, თეოდორ კრამერი, ერნსტ ვალდინგერი, ვილჰელმ საბო, მიხაელ გუტენბრუნერი / _c იდეის ავტორი, ხელმძღვანელი და გამომცემელი დათო ბარბაქაძე. |
||
| 264 |
_aთბილისი : _bთვითგამოცემა, _c2019. |
||
| 300 |
_a332 გვ.; _b21 სმ. |
||
| 500 | _aგარეკანი და ტექსტი ქართ. და გერმ. ენებზე. | ||
| 501 | _aმრავალტომეულის გარეკანის გასაფორმებლად გამოყენებულია ფრაგმენტი ავსტრიელი მხატვრის, გუსტავ კლიმტის (1862-1918) ნამუშევრიდან. | ||
| 653 | _aავსტრიული პოეზია | ||
| 700 |
_aკრამერი, თეოდორ _eავტორი _919982 |
||
| 700 |
_aვალდინგერი, ერნსტ და სხვ. _eავტორი _919983 |
||
| 700 |
_aბარბაქაძე, დათო და სხვ. _eავტორი, გამომცემელი, მთარგმნელი. _919984 |
||
| 942 |
_2udc _cBK |
||